El punto cuántico : la microelectrónica del futuro /

Guardado en:
Detalles Bibliográficos
Autor principal: Turton, Richard (autor)
Formato: Libro
Idioma:Español
Publicado: Madrid, España : Alianza, 1999, c1999
Colección:(El Libro Universitario ; Ensayo) 17.
Temas:
Etiquetas: Agrega una etiqueta
Sin etiquetas, Sé el primero en etiquetar este registro!

MARC

LEADER 00000nam^a2200000^a^4500
001 000127646
005 20250521000000.0
009 20260310094809.41
020 |a 84-206-7931-3 
037 |a Acervo ITESO - Biblioteca 
041 |a ESP 
082 |a 621. 381  |b TUR 
100 |a Turton, Richard  |e (autor) 
245 1 3 |a El punto cuántico :  |b la microelectrónica del futuro /  |c R. Turton ; tr. por Daniel Manzanares Fourcade. 
264 4 |a Madrid, España :  |b Alianza,  |c 1999, c1999 
300 |a 343 p. 
336 |a texto  |b txt  |2 rdacontenido 
337 |a sin mediación  |b n  |2 rdamedio 
338 |a volumen  |b nc  |2 rdasoporte 
440 4 |a (El Libro Universitario ;  |v 17.  |p Ensayo) 
500 |a Traducción de: The Quantum Dot. A Journey unto the Future of Microelectronics 
649 |a XX 
650 |a Electrónica -  |x Equipo y Aparatos 
650 |a Atomos 
650 |a Materia 
650 |a Circuitos Integrados 
650 |a Semiconductores 
650 |a Transistores 
650 |a Física 
650 |a Electrónica 
910 |a Fondo General 
920 |a Impresos - Libros 
930 |a Colección General 
905 |a 101 
901 |a 0500059340  |b IT1  |c ACC  |u 20250521 
902 |a https://opac.biblio.iteso.mx/vufind/Record/000127646